000 00440nam a2200157Ia 4500
003 GCL
008 140319s9999 xx 000 0 ara d
040 _aGCL /
_cGCL
082 0 4 _aد
_b050
100 1 _aاحمد شفيق ابوعوف
245 1 0 _aالموسيقى الشرقية(اقرا 478 ) /
_cاحمد شفيق ابوعوف
300 _a93
490 _aاقرأ
_v0
650 0 4 _aالموسيقى الشرقية
942 _2ddc
_cBK
999 _c49071
_d49071